LEADER 01046nam a2200289 i 4500 001 000000159880 003 CaOOAMICUS 005 20070306000000.0 008 070306s1991 it u000 u ita u 013 $a137243 020 $a88-18-01077-8 040 $aSeMil$bita 100 1 $aBodrato, Guido.$0(OLS)http://semarc/name/42040 245 13$aIl potere degli «spot» /$cGuido Bodrato. 260 $aMilano :$bRusconi,$c1991. 300 $a165 p. ;$c22 cm. 490 0 $aProblemi attuali 500 $aFondo Card. Giovanni Colombo. 650 4$aTelevisione.$0(OLS)http://semarc/subject/8144 830 0$aProblemi attuali.$0(OLS)http://semarc/title/7307 850 $aSeMil 852 $aSeMil$W1$xVenegono$y1$m1G IV 11$j111398$B111398$CSeMilBibl$Z2$F121160 $81 941 1 $a3 961 $aLascito: Colombo Card. Giovanni 996 $6020$a88-18-01077-8$9(OLS)http://semarc/number/75549 996 $6245$aIl potere degli «spot»$9(OLS)http://semarc/title/142180 996 $6260$aMilano :$bRusconi$9(OLS)http://semarc/publisher/30258 LEADER 01094nam a2200265 4500 001 000000365296 003 CaOOAMICUS 005 20251119163839.0 008 251119s2025 it 000 u ita r 020 $a978-88-343-5925-9 040 $aSeMil$bita 245 00$aAd extra :$bcattolici e cultura: un dibattito /$ca cura di Edoardo Castagna. 264 1$aMilano :$bVita e Pensiero,$c2025. 300 $aXII, 182 p. ;$c19 cm 490 1 $aPagine prime 500 $aA pič del front.: Avvenire 650 4$aCultura - Atteggiamento [dei] Cattolici.$0(OLS)http://semarc/subject/59019 700 1 $aCastagna, Edoardo.$0(OLS)http://semarc/name/123243 830 0$aPagine prime.$0(OLS)http://semarc/title/448231 850 $aSeMil 852 $aSeMil$W1$xVenegono$y1$m3A I 41$j264606$B256130$CSeMilBibl$Z2$F256130 $81 996 $6020$a978-88-343-5925-9$9(OLS)http://semarc/number/304689 996 $6245$aAd extra :$bcattolici e cultura: un dibattito$9(OLS)http://semarc/title/456846 996 $6264$aMilano :$bVita e Pensiero$9(OLS)http://semarc/publisher/29642